000 00620nam a2200181Ia 4500
005 20250423100441.0
008 250422s9999 xx 000 0 und d
020 _a9781032494784
050 _aRA 645 .P27 .P36/
100 _aEdited by Colleen M. Flood, Y.Y. Brandon Chen, Raywat Deonandan, Sam Halabi, and Sophie Thériault
245 0 _aPandemics, public health, and the regulation of borders
260 _aNew York
260 _bRoutledge
260 _c2024
300 _a401 p
650 _aCOVID-19 (Disease)--Law and legislation. COVID-19 Pandemic, 2020- Public health laws. Border crossing.
942 _cBK
999 _c33345
_d33345